000 00686cam a22002411 4500
001 ne 64001560
003 DLC
005 20260227111801.0
008 900516s1963 ua b 000 0 arar
010 _ane 64001560
025 _aPL480:UAR-4284
035 _a(OCoLC)21545149
040 _aDLC
_cWaU
_dDLC
042 _apremarc
050 0 0 _aP121
_b.A54 1963
100 1 _aAnīs, Ibrāhīm.
245 1 0 _aDalālat al-alfāẓ,
_ctaʼlīf Ibrāhīm Anīs.
250 _aal-Ṭabʻah al-thāniyah.
260 _a[al-Qāhirah]
_bMaktabat al-Anjlū al-Miṣrīyah,
_c1963.
300 _a267 p.
_c24 cm.
504 _aBibliography: p. [252]-257.
650 0 _aLanguage and languages.
999 _c47153
_d47153